| 000 | 00513cam a22001217a 4500 | ||
|---|---|---|---|
| 008 | 180718b-- xxu||||| |||| 00| 0 eng d | ||
| 082 | _aA6x51 Un3c | ||
| 245 |
_aChina proper _cby Naval Intelligence Division |
||
| 260 |
_aEdinburg _bH.M.S.O. _c-- |
||
| 300 | _a3v. | ||
| 500 | _aContents: v.1. Physical geography, history and peoples. 1944.542+p;v.2. Modern history and administration. 1945. 370+p;v.3.Economic geography, ports and communications. 1945. 6453+p. | ||
| 700 | _aUnited Kingdom. Naval Intelligence Division | ||
| 999 |
_c487443 _d487443 |
||